| 000 | 00550nam a22001937a 4500 | ||
|---|---|---|---|
| 003 | OSt | ||
| 005 | 20180503103308.0 | ||
| 008 | 180309b xxu||||| |||| 00| 0 spa d | ||
| 020 | _a8420695351 | ||
| 040 | _cPJ | ||
| 100 |
_aGarcía-Pelayo, Manuel _9387 |
||
| 245 | 1 | 3 |
_aEl estado de partidos / _cManuel García Pelayo. |
| 260 |
_aMadrid : _bAlianza, _c1986. |
||
| 300 |
_a217 p. _b20 cm. |
||
| 500 | _aCitas y notas bibliográficas al pie de páginas. | ||
| 650 | 0 |
_9348 _aCIENCIAS POLITICAS |
|
| 650 | 0 |
_9452 _aPARTIDOS POLITICOS |
|
| 942 |
_2udc _cLIB |
||
| 999 |
_c399 _d399 |
||